Mann ohne Namen : Roman /

Bibliographic Details
Main Author: Baroth, Hans Dieter, 1937-2008
Format: Book
Language:German
Published: Essen : Klartext Verlag, 1987.
Edition:1. Aufl.
Series:Klartext-Bibliothek

MARC

Tag First Indicator Second Indicator Subfields
LEADER 00000cam a2200000 a 4500
001 in00000030107
005 20151007060205.0
008 880801s1987 gw 00011 ger d
020 |a 3884743252 :  |c DM24,80 
035 |a (OCoLC)18295064 
035 |9 AAC0255AM 
040 |a AZU  |c AZU  |d TXA  |d UtOrBLW 
049 |a TXAM  |c [A11075691] 
050 4 |a PT2680.M484  |b M3 1987 
100 1 |a Baroth, Hans Dieter,  |d 1937-2008. 
245 1 0 |a Mann ohne Namen :  |b Roman /  |c Hans Dieter Baroth. 
250 |a 1. Aufl. 
264 1 |a Essen :  |b Klartext Verlag,  |c 1987. 
300 |a 212 pages ;  |c 21 cm. 
336 |a text  |b txt  |2 rdacontent 
337 |a unmediated  |b n  |2 rdamedia 
338 |a volume  |b nc  |2 rdacarrier 
490 0 |a Klartext-Bibliothek 
999 |a MARS 
999 f f |s e64bc125-ccf6-30f8-8682-4708af832072  |i b9c8c73d-ba63-3917-8a79-e1d422ffe2c2  |t 0 
952 f f |p ric  |a Texas A&M University  |b Rellis Campus  |c Joint Library Facility  |d Remote Storage  |t 0  |e PT2680.M484 M3 1987  |h Library of Congress classification  |i unmediated -- volume  |m A14811075691 
998 f f |a PT2680.M484 M3 1987  |t 0  |l Remote Storage